| 000 | 00541nam a2200169Ia 4500 | ||
|---|---|---|---|
| 008 | 140609s9999 xx 000 0 und d | ||
| 020 | _a9781577319009 | ||
| 050 |
_aBX 2182.2 _b.T3965 1997 |
||
| 100 | _aTeresa, Mother. | ||
| 245 |
_aIn the heart of the world : _bthoughts, stories, & prayers / _cMother Teresa ; edited by Becky Benenate |
||
| 260 |
_aNovato, Calif. : _bNew World Library, _cc1997. |
||
| 300 |
_a109 p. : _bill. ; _c19 cm. |
||
| 521 | _aGE | ||
| 650 |
_aCatholic Church _xDoctrines. |
||
| 942 |
_kFOR _cBK |
||
| 999 |
_c118206 _d118206 |
||